| 000 | 00511nam a22001817a 4500 | ||
|---|---|---|---|
| 005 | 20251108165908.0 | ||
| 008 | 250721s1965 xx 000 0 ara d | ||
| 082 | 1 | 4 | _aط/598.12/ه |
| 100 | 1 | _aهخت، بسي م | |
| 245 | 1 | 0 | _aالثعابين / |
| 264 | 1 |
_aمصر : _bدار المعارف، _c1965. |
|
| 300 | _a116ص : مص | ||
| 490 | 0 | _aسلسلة كل شيء عن ؛ 21 | |
| 650 | 1 | 7 | _aالثعابين |
| 700 | 1 |
_aكامل، عبد الحليم _eترجمة |
|
| 942 |
_2ddc _cBK |
||
| 999 |
_c34158 _d34158 |
||